| 000 | 01087nam a22002897a 4500 | ||
|---|---|---|---|
| 001 | 8723 | ||
| 003 | FISKH | ||
| 005 | 20251014091117.0 | ||
| 008 | 251014b cb ||||| |||| 00| 0 eng d | ||
| 020 | _a9780194234221 | ||
| 040 |
_aFISKH _beng _cFISKH _dFISKH |
||
| 050 | _aPE1126.A4 E8365 | ||
| 082 | _a428.6 | ||
| 100 |
_aEscott, John _eAuthor |
||
| 245 |
_aGirl on a motorcyle / _cJohn Escott ; Illustrated by Kevin Hopgood |
||
| 260 |
_aNew York : _bOxford University , _c1999 |
||
| 300 |
_a40 pages : _bcolor illustrations ; _c20 cm |
||
| 505 | _aG | ||
| 520 | _a'Give me the money,' says the robber to the Los Angeles security guard. The guard looks at the gun and hands over the money. The robber has long blond hair and rides a motorcycle - and a girl with long blond hair arrives at Kenny's motel - on a motorcycle. Is she the robber? | ||
| 521 | 8 |
_a340
_bLexile |
|
| 521 | 8 |
_aG
_bRaz-Plus |
|
| 650 |
_aEnglish activities _vEnglish language |
||
| 650 |
_aBeginner _vCrime |
||
| 700 |
_aHopgood, Kevin _eIllustrator |
||
| 942 |
_2ddc _cBK _n0 |
||
| 999 |
_c8723 _d8723 |
||